000 01684nam a22004217a 4500
003 CHAP
005 20220329143259.0
008 080115s2007 mx bd r 00010 spa d
010 _a94352
011 _a95324
035 _a105944
040 _cCHAP
090 _aTesis
100 1 _aHerrera Huerta, Nicolás.
_954895
245 1 0 _aProductividad económica relativa del subsector lácteo del municipio de San Pedro del Gallo, Durango 1990 a 2004
_c/por Nicolás Herrera Huerta
260 _aBermejillo, Dgo. :
_bEl autor,
_c2007
300 _a7 h. :
_bgráfs. ; cuadros ; anexo
502 _aTesis (Ing. Agr. en Sistemas Pecuarios de Zonas Áridas) -- UACH. Unidad Regional Universitaria de Zonas Áridas
530 _aTambién disponible en línea
590 _aALEPH
_b10
_c20130110
_lUCH01
_h1521
590 _aBATCH-UPD
_b10
_c20130110
_lUCH01
_h0425
590 _aBATCH-UPD
_b10
_c20130410
_lUCH01
_h0100
590 _aBATCH-UPD
_b10
_c20130914
_lUCH01
_h1518
590 _aBATCH-UPD
_b10
_c20140324
_lUCH01
_h1506
590 _aBATCH-UPD
_b10
_c20141002
_lUCH01
_h0835
590 _aCONVERSION
_b10
_c20130109
_lUCH01
_h1352
650 1 4 _aGanado lechero
_xAspectos económicos.
_945243
650 1 4 _aGanado lechero
_xProducción.
_945288
650 1 4 _aGanado lechero
_zDurango.
_945312
650 1 4 _aLeche
_xCostos de producción.
_965371
650 1 4 _aLeche
_xPrecios.
_965398
856 _3Finding aid
_uhttp://10.13.5.2/tesis/105944.pdf
_zTeclea aqui
901 _aBK
905 _aElisama A. H.
942 _cFOLL
949 _aTesis
_bBC
_cTES
_d33724002047876
_eTS1
_gDonaciØn
_h47506
_i105944
_sb
949 _aTesis
_bBC
_cTES
_d33724002047918
_eTS2
_fc.2
_gDonaciØn
_h47507
_i105944
_sb
999 _c94352
_d94352